000 00558nam a2200193Ia 4500
005 20250508164812.0
008 008 250505s9999 xx 000 0 hin d
037 _aTheses
040 _aFEDL
_beng
_cFEDL
041 _ahin
_2eng
084 _a370.1, RAS/TH
_qFEDL
100 _aRastogi Nidhi
245 0 _aAcharya Rajneesh ki manav-sankalpna avam shiksha-darshan-ek satvidhyatmak addhyan
260 _c2002
300 _a213p.
546 _aPh. D. Thesis (Delhi University)
942 _cTH
_h370.1, RAS/TH
999 _c1391276
_d1391276